00752nam a22001697a 450000500170000000800410001702000180005804100080007608200130008410000200009724500730011726000350019030000080022536500190023352003180025265000120057020230825110317.0230823b        |||||||| |||| 00| 0 eng d  a9781849940016  aeng  a746bCOT  aCotterill Wendy  aSpunbonded Textile & Stitch : Lutradur, Evolon & Other Distressables  aUnited KingdombBatsfordc2011  a128  b1655.17cRs.00  a•	Introduction
Part 1 Tools & techniques
•	Equipment
•	Using Colour
•	Colouring & Dyeing Techniques
•	Creating Texture
•	Using Images
Part 2 Fabrics
•	Lutradur
•	Crystal Spunbonded Polyster
•	Evolon
•	Heat-distressable tissue
•	Tyvek
•	Kunin Felt
•	Nappy Liner
•	Experimenting Further
  aTextile